| LEADER |
00991nam0a2200205 450 |
| 001 |
16830809 |
| 010 |
|
|
|a 978-2-8126-1658-7
|b br.
|d 23
|
| 100 |
|
|
|a 20180830d2018 u u0frey01 ba
|
| 101 |
0 |
|
|a fre
|
| 102 |
|
|
|a FR
|
| 200 |
0 |
|
|a Sur le ciel effondré
|e roman
|f Colin Niel
|
| 207 |
|
1 |
|a
|
| 210 |
|
|
|a Rodez
|c Rouergue
|d 2018
|
| 215 |
|
|
|a 1 vol. (503 p.)
|c ill.
|d 21 cm
|
| 300 |
|
|
|a Bibliogr., 2 p.
|
| 330 |
|
|
|a En raison de sa conduite héroïque lors d'un attentat en métropole, l'adjudante Angélique Blakaman a obtenu un poste à Maripasoula, dans le Haut-Maroni, là où elle a grandi, côtoyant le peuple des Wayanas. Alors qu'un jeune garçon disparaît, elle mène l'enquête avec le capitaine Anato dans ce territoire amérindien que se disputent âprement orpailleurs et évangélistes.
|
| 700 |
|
0 |
|a Niel
|b Colin
|f 1976-....
|4 70
|
| 900 |
|
|
|a Roman Policier
|
| 901 |
|
|
|a Accessible au prêt
|
| 995 |
|
|
|a Bibliothèque
|c Bibliothèque
|f 024019197
|h 024019197
|k RP NIE
|o p
|q a
|r az
|e Bibliothèque
|